| 000 -LEADER |
| fixed length control field |
02088cam a2200301 a 4500 |
| 001 - CONTROL NUMBER |
| control field |
4469858 |
| 005 - DATE AND TIME OF LATEST TRANSACTION |
| control field |
20231002091242.0 |
| 008 - FIXED-LENGTH DATA ELEMENTS--GENERAL INFORMATION |
| fixed length control field |
960228s1996 nyua b 001 0 eng |
| 010 ## - LIBRARY OF CONGRESS CONTROL NUMBER |
| LC control number |
96010943 |
| 020 ## - INTERNATIONAL STANDARD BOOK NUMBER |
| International Standard Book Number |
0471133027 (cloth : acidfree paper) |
| 040 ## - CATALOGING SOURCE |
| Original cataloging agency |
DLC |
| Transcribing agency |
DLC |
| Modifying agency |
DLC |
| 050 00 - LIBRARY OF CONGRESS CALL NUMBER |
| Classification number |
TK5103 |
| Item number |
.F68 1996 |
| 082 00 - DEWEY DECIMAL CLASSIFICATION NUMBER |
| Classification number |
621.382,FRE |
| Edition number |
20 |
| 100 1# - MAIN ENTRY--PERSONAL NAME |
| Personal name |
Freeman, Roger L. |
| 9 (RLIN) |
57174 |
| 245 10 - TITLE STATEMENT |
| Title |
Telecommunication system engineering / |
| Statement of responsibility, etc. |
Roger L. Freeman. |
| 250 ## - EDITION STATEMENT |
| Edition statement |
4th ed. |
| 260 ## - PUBLICATION, DISTRIBUTION, ETC. |
| Place of publication, distribution, etc. |
New York : |
| Name of publisher, distributor, etc. |
Wiley, |
| Date of publication, distribution, etc. |
c2004 |
| 300 ## - PHYSICAL DESCRIPTION |
| Extent |
xxii, 1023 p. : |
| Other physical details |
ill. ; |
| Dimensions |
24 cm. |
| 440 #0 - SERIES STATEMENT/ADDED ENTRY--TITLE |
| Title |
Wiley series in telecommunications and signal processing |
| 9 (RLIN) |
728 |
| 505 ## - FORMATTED CONTENTS NOTE |
| Formatted contents note |
Basic Telephony (Page-1), Local Networks (Page-41), Switching in an Analog Environment (Page-73), Signaling for Analog Telephone Networks (Page-111), Introduction to Transmission for Telephony (Page-139), Long-Distance Networks (Page-157), The Design of Long-Distance Links (Page-185), Digital Transmission Systems (Page-261), Digital Switching and Networks (Page-317), Introduction to Data Communications (Page-365), Data Networks and their Operation(Page- 409), Voice-Over IP (Page-483), Local Area Networks (Page-501), Integrated Services Digital Networks (Page-565), Speeding Things Up with Frame Relay (Page-603),The Asynchronous Transfer Mode (ATM) and Broadband ISDN (Page-631), CCITT Signaling System No. 7 (Page-681), Wireless and Cellular/Mobile Radio (Page-737), Last-Mile Broadband Connectivity and Wireless Local Loop (WLL) (Page-805), Optical Networking (Page-835),Network Management (Page-871). |
| 650 #0 - SUBJECT ADDED ENTRY--TOPICAL TERM |
| Topical term or geographic name entry element |
Telecommunication systems |
| General subdivision |
Design and construction. |
| 9 (RLIN) |
104470 |
| 650 #0 - SUBJECT ADDED ENTRY--TOPICAL TERM |
| Topical term or geographic name entry element |
Telephone systems |
| General subdivision |
Design and construction. |
| 9 (RLIN) |
104471 |
| 856 42 - ELECTRONIC LOCATION AND ACCESS |
| Materials specified |
Contributor biographical information |
| Uniform Resource Identifier |
<a href="http://www.loc.gov/catdir/bios/wiley042/96010943.html">http://www.loc.gov/catdir/bios/wiley042/96010943.html</a> |
| 856 42 - ELECTRONIC LOCATION AND ACCESS |
| Materials specified |
Publisher description |
| Uniform Resource Identifier |
<a href="http://www.loc.gov/catdir/description/wiley034/96010943.html">http://www.loc.gov/catdir/description/wiley034/96010943.html</a> |
| 856 4# - ELECTRONIC LOCATION AND ACCESS |
| Materials specified |
Table of Contents |
| Uniform Resource Identifier |
<a href="http://www.loc.gov/catdir/toc/onix05/96010943.html">http://www.loc.gov/catdir/toc/onix05/96010943.html</a> |
| 906 ## - LOCAL DATA ELEMENT F, LDF (RLIN) |
| a |
7 |
| b |
cbc |
| c |
orignew |
| d |
1 |
| e |
ocip |
| f |
19 |
| g |
y-gencatlg |
| 942 ## - ADDED ENTRY ELEMENTS (KOHA) |
| Source of classification or shelving scheme |
|
| Koha item type |
Book |